| 000 | 00774nam a2200229 i 4500 | ||
|---|---|---|---|
| 001 | 162063 | ||
| 003 | ES-MaACL | ||
| 005 | 20250307141811.0 | ||
| 008 | 190117s2017 sp |||| | spa d | ||
| 080 | _a821.134.2-14"19" | ||
| 100 | 1 |
_aPrieto, José María. _9137530 |
|
| 245 | 1 | 3 |
_aEl arte de desatornillarse del marido y de los hijos / _cJosé M. Prieto. |
| 250 | _a1ª ed. | ||
| 260 |
_aMadrid : _bVitrubio, _c2017. |
||
| 300 |
_a116 p. ; _c24 cm. |
||
| 490 | 1 |
_aColección Baños del Carmen ; _v620 |
|
| 830 | 0 |
_aColección Baños del Carmen _v620 _9183030 |
|
| 852 |
_aES-MaACL _jA-14310 _9168152 _bR.151618 _cDEPO1 _dOlim: N-7310 _hDonación: José M. Prieto |
||
| 903 |
_9137530 _aPrieto, José María _ednr |
||
| 942 |
_2udc _cMONOGRAFIA |
||
| 999 |
_c162063 _d162063 |
||